Piłkarze Reprezentacji Etiopii - nagła śmierć - Statystyki

Ogólne statystyki
  • Ten quiz został rozwiązany 5 razy
  • Średni wynik to 2 z 6
Answers on the Grid
Answers color-coded by a green-red scale on the quiz's grid according to % correct below.
Youssef Msakni
Adane Girma
Krépin Diatta
Saladin Said
Mohamed Bayo
Getaneh Kebede
William Troost-Ekong
Oumed Oukri
Amanuel Gebremichael
Kei Kamara
Abubeker Nassir
Mohamed Abdelmonem
 
Statystyki odpowiedzi
Odpowiedź % Poprawnych
Adane Girma
60%
Getaneh Kebede
60%
Abubeker Nassir
40%
Oumed Oukri
40%
Amanuel Gebremichael
0%
Saladin Said
0%
Nie znaleziono quizów pasujących do podanych kryteriów
Rozkład punktacji
Procent ludzi z każdym wynikiem
Percentyl według liczby udzielonych odpowiedzi
Twoja historia wyników
Nie rozwiązałeś tego quizu